000 00367nam a2200169 a 4500
001 2201
005 20140414131917.0
008 030210s19uu xx 00 eng d
050 _aER
_bH19 1999
100 _aGool, Van
245 _aHansel and Gretel.
260 _aLondon :
_bCreation.
300 _a
440 _aVan Gool's
650 _a
999 _c111539
_d111539